Quien te ha visto y quien tv : historia informal de la televisión argentina /
Guardado en:
| Autor Principal: | |
|---|---|
| Otros Autores: | , |
| Formato: | Libro |
| Publicado: |
Buenos Aires :
De la Flor
|
| Edición: | 2a. ed. |
| Materias: | |
| Etiquetas: |
Agregar Etiqueta
Sin Etiquetas, Sea el primero en etiquetar este registro!
|
| LEADER | 00811nam a22002535a 4500 | ||
|---|---|---|---|
| 001 | CEM.cems011146 | ||
| 005 | 20081107111620.0 | ||
| 008 | 130507b######################000#0#####d | ||
| 003 | CEMS | ||
| 020 | |a 9505153104 | ||
| 082 | 0 | 4 | |a 384 |
| 100 | 1 | |a Sirven, Pablo | |
| 245 | 1 | 0 | |a Quien te ha visto y quien tv : |b historia informal de la televisión argentina / |c Pablo Sirven ; prólog de Carlos Ulanovsky y Silvina Walger |
| 250 | |a 2a. ed. | ||
| 260 | |a Buenos Aires : |b De la Flor | ||
| 300 | |a 310 p. | ||
| 653 | |a Periodismo | ||
| 653 | |a Televisión | ||
| 653 | |a Argentina-televisión | ||
| 653 | |a Medios masivos de comunicación | ||
| 653 | |a Medios audiovisuales | ||
| 700 | 1 | |a Ulanovsky, Carlos, pról. | |
| 700 | 1 | |a Walger, Sylvina, pról. | |
| 859 | |a CEMS |b BIB. CEMS - 11 de abril |h 384 |i Si79a2 |p 21949.02 |t Ej.1 | ||
